000 00363nam a2200157Ia 4500
003 OSt
005 20240130104718.0
008 170524s9999 xx 000 0 und d
020 _a9780070472686
040 _ciimtu
100 _aSinghal Mukesh
245 0 _aAdvanced Concepts in Operating System
260 _bTMH New Delhi
260 _c2007
942 _2ddc
_c02
999 _c4755
_d4755